Ekonomická štatistika /

Na minha lista:
Detalhes bibliográficos
Autor principal: Kovačka, Milan (Author)
Formato: Livro
Idioma:eslovaco
Publicado em: Bratislava : Alfa, 1986
Edição:2.upr.vyd.
Tags: Adicionar Tag
Sem tags, seja o primeiro a adicionar uma tag!

MARC

LEADER 00000nam a22000003a 4500
001 stu3780
005 20240805103648.8
008 930503s1988----cs------------------slo-d
040 |a STU  |b slo 
041 0 |a slo 
044 |a cs 
080 |a 65.1 
080 |a 33  |7 stu_us_auth*stu7876 
100 1 |a Kovačka, Milan  |4 aut 
245 1 |a Ekonomická štatistika /  |c Aut.: Kovačka,Milan a i 
250 |a 2.upr.vyd. 
260 |a Bratislava :  |b Alfa,  |c 1986 
300 |a 533 s. 
996 |b 284EK90740  |c E* 90740  |l EE01  |s A  |a 24  |w stu3780_0003